000 00218nam a2200097Ia 4500
008 120527s9999 xx 000 0 und d
100 _aTDRI
245 _aPest control in tropical onions.
260 _bTDRI
942 _cBK
999 _c22565
_d22565